Profesijná zdatnosť začínajúceho učiteľa

Analýza determinantov v profesii začínajúceho učiteľa. Koncept vnímanej profesijnej zdatnosti. Rozhodujúce potencionality učiteľa pri vnímaní vlastnej profesijnej zdatnosti. Syndróm vyhorenia a jeho príčiny a drop-out syndróm.

Enregistré dans:
Détails bibliographiques
Auteur principal: Feranská, Margita
Format: Chapitre de livre
Langue:slovaque
Sujets:
Tags: Ajouter un tag
Pas de tags, Soyez le premier à ajouter un tag!

MARC

LEADER 00000naa a2200000 4500
001 0279706
005 20240417075147.8
041 0 |a slo 
044 |a SK 
245 1 0 |a Profesijná zdatnosť začínajúceho učiteľa  |c Margita Feranská 
520 |a Analýza determinantov v profesii začínajúceho učiteľa. Koncept vnímanej profesijnej zdatnosti. Rozhodujúce potencionality učiteľa pri vnímaní vlastnej profesijnej zdatnosti. Syndróm vyhorenia a jeho príčiny a drop-out syndróm. 
610 2 0 |a učitelia 
610 2 0 |a psychológia 
610 2 0 |a pedagogika 
610 2 0 |a syndróm vyhorenia 
100 1 |a Feranská, Margita